[Event "GER-chT U10"]
[Site "Magdeburg"]
[Date "2021.08.06"]
[Round "1.3"]
[White "Franzky, Julian"]
[Black "Rosado de Nebendahl, Philippe"]
[Result "0-1"]
[WhiteElo "1266"]
[BlackElo "847"]
[PlyCount "114"]
[EventDate "2021.08.06"]
[EventType "team-swiss"]
[EventRounds "7"]
[EventCountry "GER"]
[SourceTitle "EXT 2022"]
[Source "ChessBase"]
[SourceDate "2021.10.06"]
[SourceVersion "1"]
[SourceVersionDate "2021.10.06"]
[SourceQuality "1"]
[WhiteTeam "Tegernsee"]
[BlackTeam "Blankenese"]
[WhiteTeamCountry "GER"]
[BlackTeamCountry "GER"]

1. e4 e5 2. Nf3 Nc6 3. Bc4 Nf6 4. Nc3 Nxe4 5. Nxe4 d5 6. Bd3 dxe4 7. Bxe4 Bc5 8. d3 Bg4 9. Be3 Nd4 10. c3 Nxf3+ 11. Bxf3 Bxe3 12. fxe3 Bxf3 13. gxf3 0-0 14. Qe2 Qh4+ 15. Kd2 Rad8 16. Qg2 Qc4 17. d4 c5 18. Rhg1 g6 19. b3 Qa6 20. Qf2 exd4 21. exd4 cxd4 22. cxd4 Qa5+ 23. Kc2 Qc7+ 24. Kb2 Rc8 25. Rac1 Qa5 26. Rge1 Rxc1 27. Rxc1 Qg5 28. Rc7 Qb5 29. Qc2 Re8 30. Qc4 Re2+ 31. Kb1 Qf5+ 32. Kc1 Qg5+ 33. Kb1 Qg1+ 34. Qc1 Re1 35. Qxe1 Qxe1+ 36. Kb2 Qb4 37. Rc4 Qd2+ 38. Ka3 b5 39. Rc5 b4+ 40. Ka4 Qxd4 41. Rc4 Qc3 42. f4 Qb2 43. Rxb4 Qxa2+ 44. Kb5 a6+ 45. Kc4 Qc2+ 46. Kd5 a5 47. Rd4 Qxb3+ 48. Ke5 f6+ 49. Kxf6 Qc3 50. Ke5 a4 51. Ke4 a3 52. Rd3 Qxd3+ 53. Kxd3 a2 54. Kc2 a1Q 55. h4 Qa4+ 56. Kd3 Qxf4 57. h5 gxh5 0-1